000 00810nam a2200229 i 4500
001 6476
003 ES-MaACL
005 20250905131221.0
008 891123s1988 sp |||| | spa d
020 _a84-451-0023-8
080 _a86.09-2"18/19"
080 _a86(Perez Galdos,B.2.06)
245 0 4 _aLos estrenos teatrales de Galdós en la crítica de su tiempo /
_cedición de Ángel Berenguer.
260 _aMadrid :
_bComunidad, Consejería de Cultura,
_c1988.
300 _a512 p. :
_bil. ;
_c26 cm.
500 _aÍndices.
600 1 7 _aPérez Galdós, Benito,
_d1843-1920-
_xTeatro
_2
_9167584
700 1 _aBerenguer, Ángel,
_d1943-
_927879
710 1 _aMadrid (Comunidad Autónoma).
_bConsejería de Cultura y Deportes.
_95596
852 _aES-MaACL
_jL-13570
999 _c6476
_d6476